Institutiones juris naturae et gentium
Na minha lista:
| Autor principal: | |
|---|---|
| Formato: | Livro |
| Idioma: | latim |
| Publicado em: |
Darmstadt
Georg Olms
1969
|
| coleção: | Gesammelte Werke, 26
|
| Assuntos: | |
| Tags: |
Adicionar Tag
Sem tags, seja o primeiro a adicionar uma tag!
|
MARC
| LEADER | 00000nam a2200000 a 4500 | ||
|---|---|---|---|
| 001 | UCR3567 | ||
| 003 | CL-VaPUC | ||
| 008 | 980128e19690000GW |||||||||||||||||lat|d | ||
| 082 | 0 | 4 | |a 340.1 |b WOL |2 21 |
| 100 | 0 | |a Wolff, Christian |e author |9 349066 | |
| 245 | 1 | 0 | |a Institutiones juris naturae et gentium |
| 300 | |a 782 p | ||
| 942 | |c BK | ||
| 945 | |d 19980128 00:00:00 |a cmena | ||
| 260 | |a Darmstadt |b Georg Olms |c 1969 | ||
| 650 | 0 | |a Filosofía del derecho |9 255050 | |
| 650 | 0 | |a Derecho internacional |9 255637 | |
| 650 | 0 | |a Derecho de gentes |9 391410 | |
| 650 | 7 | |a INSTITUCIONES |2 CL-VaPUC |9 329701 | |
| 650 | 0 | |a Derecho natural |9 255041 | |
| 650 | 0 | |a Obligaciones |9 255578 | |
| 650 | 0 | |a Soberanía |9 266726 | |
| 650 | 0 | |a Derecho sucesorio |9 255015 | |
| 583 | |a last modification |c 19980128 00:00:00 |k Rodrigo Vera | ||
| 490 | 0 | |a Gesammelte Werke, 26 | |
| 999 | |c 266624 |d 266622 | ||
| 952 | |0 0 |1 0 |4 0 |6 340_100000000000000_WOL_1969 |7 0 |8 DER_HIS |9 298389 |a BIBDER |b BIBDER |d 2019-11-20 |i 1950460 |o 340.1 WOL 1969 |p 1950460 |r 2023-01-25 |w 2019-11-20 |x Ubicación 4to Piso |y BK |z Estos recursos deben solicitarse con anticipación |k DER | ||